• 首页
  • 本馆介绍
  • 公告通知
  • 最新文献
  • 馆藏检索
  • 电子资源
  • 读者导购
  • 参考咨询
  • 我的图书馆
  • 登录
  • 详细信息显示
  • 放入我的书架
  • 预约/预借图书
  • 作者相关作品
  • 分类相关作品
  • 丛书相关作品
  • 出版社相关作品

书目信息

  • 表格格式
  • 工作单格式
  • 卡片格式
题名:
手机游戏用户消费行为研究
    
 
作者: 张卓 著
分册:  
出版信息: 北京   中国商务出版社  2021.07
页数: 190页
开本: 24cm
丛书名:
单 册:
中图分类: G898.3
科图分类:
主题词: 网络游戏--消费者行为论--研究
电子资源:
ISBN: 978-7-5103-3788-8
000 01142nam0 2200253 450
001 012001001171
005 20140201114536.0
010    @a978-7-5103-3788-8@dCNY60.00
100    @a20220905d2021 em y0chiy50 ea
101 0  @achi
102    @aCN@b110000
105    @aa az 000yy
106    @ar
200 1  @a手机游戏用户消费行为研究@Ashou ji you xi yong hu xiao fei xing wei yan jiu@e基于空气质量和天气的视角@f张卓著
210    @a北京@c中国商务出版社@d2021.07
215    @a190页@c图@d24cm
314    @a张卓,女,上海社会科学院新闻研究所助理研究员,上海社会科学院社会科学大数据实验室研究人员。
320    @a有书目 (第173-186页)
330    @a现阶段,我国手机网络游戏产业发展势头迅猛,市场规模不断扩大,经济效应日趋凸显。游戏用户的心理与消费行为不但受具体消费场景的影响,外部环境因素诸如空气质量和天气情况等同样会对游戏用户的消费心理和行为产生作用。本书基于空气质量和天气的视角,采用文献研究和实证分析相结合的方法,来对手机游戏用户消费行为进行深入研究,很具创新性和突破性。
606 0  @a网络游戏@x消费者行为论@x研究
690    @aG898.3@v5
701  0 @a张卓@Azhang zhuo@4著
801  0 @aCN@bAHXH@c20221111
905    @b1365814-8@dG898.3@e519@f5
    
    手机游戏用户消费行为研究:基于空气质量和天气的视角/张卓著.-北京:中国商务出版社,2021.07
    190页:图;24cm
    
    
    ISBN 978-7-5103-3788-8:CNY60.00
    现阶段,我国手机网络游戏产业发展势头迅猛,市场规模不断扩大,经济效应日趋凸显。游戏用户的心理与消费行为不但受具体消费场景的影响,外部环境因素诸如空气质量和天气情况等同样会对游戏用户的消费心理和行为产生作用。本书基于空气质量和天气的视角,采用文献研究和实证分析相结合的方法,来对手机游戏用户消费行为进行深入研究,很具创新性和突破性。
●
相关链接 在E读中查询图书 在五车中查询图书 在当当中查询图书 在豆瓣中查询图书


正题名:手机游戏用户消费行为研究     索取号:G898.3/519         预约/预借

序号 登录号 条形码 馆藏地/架位号 状态 备注
1 1365814   213658148   第一样本阅览室/ [索取号:G898.3/519] 在馆    
2 1365815   213658157   教育系资料室/ [索取号:G898.3/519] 在馆    
3 1365816   213658166   教育系资料室/ [索取号:G898.3/519] 在馆    
4 1365817   213658175   第四借阅区/ [索取号:G898.3/519] 在馆    
5 1365818   213658184   第四借阅区/ [索取号:G898.3/519] 在馆    
唐山师范学院图书馆 欢迎您!
大连网信软件有限公司© 版权所有